=LDR 00000nam 2200000 4500 =001 INLIS000000000020078 =005 20200220015102 =035 ##$$a 0010-061300000020078 =008 200220################g##########0#ind## =041 ##$$a Ind =082 ##$$a 155.4 =090 ##$$a 155.4, Sev b =100 ##$$a Severe, Sal =245 1#$$a Bagaiman bersikap pada anak agar anak bersikap baik : $b Berdsarkan kisah-kisah dari para orang tua yang punya masalah dalam membesarkan anaknya /$c Sal Severe, Ph. D.; Alih bahasa, T. Heryama =850 ##$$a NBPNMAT =020 ##$$a 979-655-636-7 =084 ##$$a 155.4 SEV b =250 ##$$a Cet. 5 =260 ##$$a Jakarta :$b Gramedia Pustaka Utama,$c 2005 =300 ##$$a xxi, 273 hlm. : $b ilus. ; $c 23 x 15 cm. =650 #4$$a Anak, Perkembangan =700 #$$a T. Heryama =990 ##$$a 04840484 =990 ##$$a 0001/BPAP-NTB/2016 =990 ##$$a 1200600484 =990 ##$$a 00890089 =990 ##$$a 0001/BPAP-NTB/20142014 =990 ##$$a 0001/BPAP-NTB/2016 =990 ##$$a 1200600484 =990 ##$$a 1200600485 =990 ##$$a 20612730 =990 ##$$a 0001/BPAP-NTB/20142014 =990 ##$$a 0001/BPAP-NTB/2016 =990 ##$$a 1200600485 =990 ##$$a 20612728 =990 ##$$a 0001/BPAP-NTB/20142014 =990 ##$$a 0001/BPAP-NTB/2016 =990 ##$$a 20612730 =990 ##$$a 1200600485 =990 ##$$a 20612729 =990 ##$$a 20612728 =990 ##$$a 0001/BPAP-NTB/2016 =990 ##$$a 20612730 =990 ##$$a 1200600485 =990 ##$$a 20612728 =990 ##$$a 20612729 =990 ##$$a 0001/BPAP-NTB/2016 =990 ##$$a 20612730 =990 ##$$a 1200600485 =990 ##$$a 20612731 =990 ##$$a 20612729 =990 ##$$a 20612728 =990 ##$$a 20612730 =990 ##$$a 1200600485 =990 ##$$a 20612730 =990 ##$$a 20612729 =990 ##$$a 20612728 =990 ##$$a 20612731 =990 ##$$a 1200600485 =990 ##$$a 20612730 =990 ##$$a 20612729 =990 ##$$a 20612728 =990 ##$$a 20612731 =990 ##$$a 1200600485 =990 ##$$a 20612728 =990 ##$$a 20612729 =990 ##$$a 20612731 =990 ##$$a 20612730 =990 ##$$a 1200600485